The logic of organization

This exploration of organizational theory focuses on the genesis of organizations and the conditions for their continued existence. Drawing upon the classic theories of Marx, Weber and Michels as well as more contemporary developments in organizational theory, Abrahamsson presents his unique theory...

Disgrifiad llawn

Wedi'i Gadw mewn:
Manylion Llyfryddiaeth
Prif Awdur: Kuhn, Alfred
Fformat: Llyfr
Iaith:Undetermined
Cyhoeddwyd: San Francisco Jossey-Bass 1982
Pynciau:
Tagiau: Ychwanegu Tag
Dim Tagiau, Byddwch y cyntaf i dagio'r cofnod hwn!
Thư viện lưu trữ: Trung tâm Học liệu Trường Đại học Cần Thơ
LEADER 00996nam a2200193Ia 4500
001 CTU_186703
008 210402s9999 xx 000 0 und d
082 |a 302.35 
082 |b K96 
100 |a Kuhn, Alfred 
245 4 |a The logic of organization 
245 0 |c Alfred Kuhn, Robert D. Beam 
260 |a San Francisco 
260 |b Jossey-Bass 
260 |c 1982 
520 |a This exploration of organizational theory focuses on the genesis of organizations and the conditions for their continued existence. Drawing upon the classic theories of Marx, Weber and Michels as well as more contemporary developments in organizational theory, Abrahamsson presents his unique theory - that organizations are deliberately designed social structures which have been established by a certain person, group or class in order to implement certain goals. 
650 |a Organizational sociology,Tổ chức xã hội 
910 |a Hải 
980 |a Trung tâm Học liệu Trường Đại học Cần Thơ